| 000 | 00545 a2200169 4500 | ||
|---|---|---|---|
| 020 | _a9812656847 | ||
| 022 | _a9789812656841 | ||
| 082 | _a530 | ||
| 090 |
_c1159 _d1159 |
||
| 100 | 1 | _aSerway, Raymond. | |
| 245 | 1 | 0 |
_aCollege physics 6th sixth edition / _cRaymond Serway. |
| 260 |
_a[S.l.] : _bThomson Books / Cole, _c2003. |
||
| 300 | _a1 v. (unpaged) | ||
| 700 | _aSerway, Raymond. | ||
| 942 |
_aSNS _cBK _k530 SER |
||
| 999 |
_c29772 _d29772 |
||